Solar engineering of thermal processes / (Record no. 598976)

000 -LEADER
fixed length control field 00287nam a2200109Ia 4500
008 - FIXED-LENGTH DATA ELEMENTS--GENERAL INFORMATION
fixed length control field 230907s9999||||xx |||||||||||||| ||und||
082 ## - DEWEY DECIMAL CLASSIFICATION NUMBER
Classification number 621.47
Author Mark DUF
100 ## - MAIN ENTRY--PERSONAL NAME
Personal name Duffie, John A.
9 (RLIN) 83600
245 #0 - TITLE STATEMENT
Title Solar engineering of thermal processes /
300 ## - PHYSICAL DESCRIPTION
Extent xxvi, 910 pages :
942 ## - ADDED ENTRY ELEMENTS (KOHA)
Koha item type Book
Holdings
Withdrawn status Lost status Damaged status Not for loan Permanent Location Current Location Date acquired Total Checkouts Full call number Barcode Date last seen Price effective from Koha item type
        US-Pakistan Center for Advanced Studies in Energy (USPCAS-E) US-Pakistan Center for Advanced Studies in Energy (USPCAS-E) 08/08/2019   621.47 DUF CAS-E0003075 09/12/2023 09/12/2023 Book
© 2023 Central Library, National University of Sciences and Technology. All Rights Reserved.